000 00701nam a2200193 i 4500
001 59514
003 ES-MaACL
005 20230906164039.0
007 t|
008 031029s1957 cu ||||1| spa d
100 1 _aEntralgo, Elías José.
_947308
245 1 3 _aLa cubanía de Fray Candil /
_cdiscurso por Elías Entralgo Vallina ; contestación por Federico de Córdova y de Quesada.
260 _aLa Habana :
_b[s.n.],
_c1957 (
_fImp. El Siglo XX)
300 _a68 p. ;
_c21 cm.
500 _aPrecede al tít.: Academia de la Historia de Cuba.
700 1 _aCórdova y de Quesada, Federico de.
_940570
710 2 _aAcademia de la Historia de Cuba.
_91183
852 _aES-MaACL
_jC-17683
_bR.44566
999 _c59514
_d59514